000 00420nam a2200169 a 4500
001 0000-9141
003 ELIB.Books
008 110520 1987
035 _a(ELIB.Books)0000-9293
082 _a270.82
_bBir
100 _aBirkland, Carol J.
245 _aUnified in Hope
260 _bGeneva: WCC Publications
_c1987
650 _aChurch History
942 _2ddc
_cBK
998 _cbat
_e2011-05-20
999 _c9141
_d9141